000 01274cam a22002771i 4500
003 SA-RiAUC
005 20250917122727.0
008 241123s1995 su g 000 0 ara c
040 _aSA-MuMU
_bara
_cSA-RiAUC
_erda
082 0 4 _a252.2
_qSA-RiAUC
090 _a252.2
_bص ل ا
100 1 _aصلاح الدين العلائي، خليل بن كيكلدي بن عبد الله،
_d694-761 هجري
_eمؤلف.
245 1 0 _aنظم الفرائد لما تضمنه حديث ذي اليدين من الفوائد /
_cتصنيف أبي سعيد صلاح الدين خليل العلائي ؛ تحقيق بدر بن عبد الله البدر.
250 _aالطبعة الأولى.
264 1 _aبغداد؛
_bوزارة الاوقاف والشؤون الدينية،
_c1986
300 _a943 صفحة ؛
_c24 سم
336 _aنص
_btxt
_2rdacontent
_3كتاب
337 _aبدون وسيط
_bn
_2rdamedia
338 _aمجلد
_bnc
_2rdacarrier
650 7 _aالصلاة (فقه إسلامي)
_2aucsh
650 7 _aالحديث
_xجوامع الفنون
_2aucsh
650 7 _aالحديث
_xالمسانيد
_2aucsh
700 1 _aالبدر، بدر الدين عبد الله
_eمحقق.
942 _2ddc
_cBOOK
_n0
949 _aSA-JeALM
_d241123
_umohamedma123
_n1
999 _c11847
_d11847